000 00273nam a22001097a 4500
008 230908b |||||||| |||| 00| 0 eng d
100 _aBhagat Singh
_94540
245 _aRastraveer Guru Govind Singh
260 _bLahena Books
_c1964
_aLudhiana
300 _a356p
942 _cBK
999 _c39585
_d39585